000 00254nam a22001217a 4500
082 _a823
_bBRO/J
100 _aBRONTE, CHARLOTTE
245 _aJANE EYRE
260 _aCALCUTTA
_bOXFORD
_c1998
300 _a45
650 _aENGLISH STORY
_zINDIA
942 _cBK
999 _c7271
_d7271